| 000 -ლიდერი |
| ფიქსირებული სიგრძის საკონტროლო ველი |
00433nam a2200181Ia 4500 |
| 001 - საკონტროლო ნომერი |
| საკონტროლო ველი |
17530 |
| 003 - საკონტროლო ნომრის იდენტიფიკატორი |
| საკონტროლო ველი |
GE_BSU |
| 005 - ბოლო ოპერაციის თარიღი და დრო |
| საკონტროლო ველი |
20200206153002.0 |
| 008 - ფიქსირებული სიგრძის მონაცემთა ელემენტები - ზოგადი ინფორმაცია |
| ფიქსირებული სიგრძის საკონტროლო ველი |
181216s||||||||xx |||||||||||||| ||und|| |
| 040 ## - კატალოგიზაციის წყარო |
| Transcribing agency |
GE_BSU |
| 041 ## - ენის კოდი |
| Language code of text/sound track or separate title |
geo |
| 080 ## - უნივერსალური ათობითი კლასიფიკაციის ინდექსი |
| Universal Decimal Classification number |
94(479.22-25)(036) T-28 |
| 245 ## - ცნობა სათაურის შესახებ |
| Title |
Tbilisi / |
| Remainder of title |
Guide & map . |
| 300 ## - ფიზიკური აღწერა |
| Extent |
130 p. |
| Other physical details |
+CD |
| 653 ## - INDEX TERM--UNCONTROLLED |
| Uncontrolled term |
Guide & map. |
| 653 ## - INDEX TERM--UNCONTROLLED |
| Uncontrolled term |
თბილისის რუკა |
| 942 ## - ADDED ENTRY ELEMENTS (KOHA) |
| Koha item type |
რუკები |
| Source of classification or shelving scheme |
|